000 01001nem a2200253 u 4500
005 20200104041744.0
008 160512b2003 c ||||| |a|| 00| 0 spa d
040 _aCO-BoIAVH
_cCO-BoIAVH
041 _aspa
044 _ack
090 _aMC-
_b0203
110 2 _aInstituto de Investigación de Recursos Biológicos Alexander von Humboldt.
_9204
245 1 _aCorporaciones Autónomas regionales- Parque Nacionales Naturales presentes en los Andes colombianos
_bProyecto: Conservación y usos sostenible de los Andes colombianos
_h[Material Cartografico]
255 _a1:2´000.000
260 _aBogota ;
_bInstituto de Investigación de Recursos Biológicos Alexander von Humboldt.
_c2002
300 _a1 mapa
_bcolor
_c70 x 50 cm
650 1 6 _aEcosistemas
_970904
650 1 4 _aRegiones Andes
_968046
650 1 4 _aGeografía
_992259
710 1 _aFondo Mundial Ambiental
_968048
710 1 _aBanco Mundial
_9799
710 1 _aEmbajada Real de los Países Bajos
_968050
942 _2z
_cMapa
999 _c18545
_d18545